The contribution of the surveying profession to disaster risk management (Record no. 106186)
[ view plain ]
| 000 -LEADER | |
|---|---|
| fixed length control field | 01243cam a22002415a 4500 |
| 001 - CONTROL NUMBER | |
| control field | L135751 |
| 008 - FIXED-LENGTH DATA ELEMENTS--GENERAL INFORMATION | |
| fixed length control field | 061208s2006 000 0 eng u |
| 020 ## - INTERNATIONAL STANDARD BOOK NUMBER | |
| International Standard Book Number | 8790907582 |
| -- | 9788790907587 |
| 035 ## - SYSTEM CONTROL NUMBER | |
| System control number | (Sirsi) u135751 |
| 041 0# - LANGUAGE CODE | |
| Language code of text/sound track or separate title | eng |
| 050 04 - LIBRARY OF CONGRESS CALL NUMBER | |
| Classification number | 333.70285 $2 18 |
| 110 2# - MAIN ENTRY--CORPORATE NAME | |
| Corporate name or jurisdiction name as entry element | Federation International Des Geometres |
| 245 04 - TITLE STATEMENT | |
| Title | The contribution of the surveying profession to disaster risk management |
| 260 ## - PUBLICATION, DISTRIBUTION, ETC. | |
| Place of publication, distribution, etc. | Copenhagen |
| Name of publisher, distributor, etc. | FIG |
| Date of publication, distribution, etc. | 2006 |
| 300 ## - PHYSICAL DESCRIPTION | |
| Extent | 40p. |
| Dimensions | 25cm. |
| 505 0# - FORMATTED CONTENTS NOTE | |
| Formatted contents note | Disaster risk management -- The need of the surveying profession in dealing with disasters -- International and organizational challenges of disaster risk management |
| 520 ## - SUMMARY, ETC. | |
| Summary, etc. | Discusses how the surveyor's skills, such as land management, geodetic engineering, geo-informatics, satelite technology and remote sensing, can make an important contribution in the disaster management process. Discusses how in addition to engineering skills and knowledge, good governance and capacity development are central components in disaster management. |
| 590 ## - LOCAL NOTE (RLIN) | |
| Local note | KA |
| 651 #4 - SUBJECT ADDED ENTRY--GEOGRAPHIC NAME | |
| Geographic name | International |
| 690 ## - LOCAL SUBJECT ADDED ENTRY--TOPICAL TERM (OCLC, RLIN) | |
| Topical term or geographic name as entry element | ENVIRONMENTAL AND LAND CONSULTANCY-PLANNING AND DEVELOPMENT-STRATEGIC PLANNING |
| 690 ## - LOCAL SUBJECT ADDED ENTRY--TOPICAL TERM (OCLC, RLIN) | |
| Topical term or geographic name as entry element | BUILT ENVIRONMENT-CONSTRUCTION DESIGN |
| 942 ## - ADDED ENTRY ELEMENTS (KOHA) | |
| Suppress in OPAC | 0 |
| Withdrawn status | Lost status | Source of classification or shelving scheme | Damaged status | Not for loan | Home library | Current library | Shelving location | Date acquired | Total Checkouts | Full call number | Barcode | Date last seen | Copy number | Price effective from | Koha item type |
|---|---|---|---|---|---|---|---|---|---|---|---|---|---|---|---|
| Dewey Decimal Classification | London | London | Basement | 06/11/2009 | BASEMENT | 30076513 | 06/08/2019 | 2 | 06/08/2019 | Book |